| 000 | 00900cam a2200265 i 4500 | ||
|---|---|---|---|
| 001 | 3184686 | ||
| 003 | ARRUPE | ||
| 005 | 20140302020006.0 | ||
| 008 | 760805s1976 enk b 001 0 eng | ||
| 010 | _a 76369696 | ||
| 015 | _aGB76-11147 | ||
| 020 |
_a0340193964 : _c£2.50 |
||
| 040 |
_aDLC _cDLC _dDLC |
||
| 050 | 0 | 0 |
_aHX536 _b.M46 1976b |
| 100 | 1 |
_aMíguez Bonino, José. _91133 |
|
| 245 | 1 | 0 |
_aChristians and Marxists : _bthe mutual challenge to revolution / _cby José Míguez Bonino. |
| 260 |
_aLondon : _bHodder and Stoughton, _c1976. |
||
| 300 |
_a158 p. ; _c22 cm. |
||
| 490 | 0 | _aEcclesia books | |
| 500 | _a"First delivered as the 1974 London lecture in contemporary Christianity." | ||
| 504 | _aIncludes bibliographical references and index. | ||
| 650 | 0 |
_aCommunism and Christianity. _91134 |
|
| 906 |
_a7 _bcbc _corignew _d3 _encip _f19 _gy-gencatlg |
||
| 942 |
_2lcc _cMONOGRAPH _01 |
||
| 999 |
_c118011 _d118011 |
||